The Third Eye of Indian Art: Aesthetics as Vedanta / (Record no. 209377)
[ view plain ]
| 000 -LEADER | |
|---|---|
| fixed length control field | 00784nam a22002177a 4500 |
| 005 - DATE AND TIME OF LATEST TRANSACTION | |
| control field | 20250805155402.0 |
| 010 ## - LCCN (DPL NO) | |
| LC control number | B-769668-675 BACEN25 ENG-146343 |
| 020 ## - INTERNATIONAL STANDARD BOOK NUMBER | |
| International Standard Book Number | 9789365234169 |
| Terms of availability | 499.00 |
| 035 ## - SYSTEM CONTROL NUMBER | |
| System control number | B-769668-675 |
| 035 ## - SYSTEM CONTROL NUMBER | |
| System control number | EN-129875 |
| 037 ## - SOURCE OF ACQUISITION | |
| Source of stock number/acquisition | Sunnvik |
| 037 ## - SOURCE OF ACQUISITION | |
| Source of stock number/acquisition | DBAD |
| 082 ## - DEWEY DECIMAL CLASSIFICATION NUMBER | |
| Classification number | 709.54 |
| 100 ## - MAIN ENTRY--PERSONAL NAME | |
| Personal name | Dehejia,Harsha V. |
| 245 ## - TITLE STATEMENT | |
| Title | The Third Eye of Indian Art: Aesthetics as Vedanta / |
| Statement of responsibility, etc | by Harsha V. Dehejia |
| 260 ## - PUBLICATION, DISTRIBUTION, ETC. (IMPRINT) | |
| Place of publication, distribution, etc | New delhi |
| Name of publisher, distributor, etc | Aleph Book co. |
| Date of publication, distribution, etc | 2024 |
| 270 ## - ADDRESS | |
| Address | ansari road |
| City | New delhi |
| Postal code | 110002 |
| 300 ## - PHYSICAL DESCRIPTION | |
| Extent | 228p. |
| Dimensions | 20cm(Pbk) |
| 942 ## - ADDED ENTRY ELEMENTS (KOHA) | |
| Source of classification or shelving scheme | Dewey Decimal Classification |
| Item type | English Books |
| Classification part | 709.54 |
| Call number suffix | DEH |
| Withdrawn status | Lost status | Not for loan | Collection code | Home library | Current library | Date acquired | Source of acquisition | Cost, normal purchase price | Full call number | Barcode | Copy number | Cost, replacement price | Koha item type |
|---|---|---|---|---|---|---|---|---|---|---|---|---|---|
| Non-fiction | Andrews Gunj | Andrews Gunj | 20/06/2025 | Sunnvic/GST-IN9/19.3.25/9/15.3.25/26.3.25 | 499.00 | 709.54 DEH | B-769673 | 1 | 499.00 | English Books | |||
| Non-fiction | Ashok Vihar | Ashok Vihar | 20/06/2025 | Sunnvic/GST-IN9/19.3.25/9/15.3.25/26.3.25 | 499.00 | 709.54 DEH | B-769669 | 1 | 499.00 | English Books | |||
| Non-fiction | Bawana | Bawana | 20/06/2025 | Sunnvic/GST-IN9/19.3.25/9/15.3.25/26.3.25 | 499.00 | 709.54 DEH | B-769675 | 1 | 499.00 | English Books | |||
| Non-fiction | Central Library | Central Library | 20/06/2025 | Sunnvic/GST-IN9/19.3.25/9/15.3.25/26.3.25 | 499.00 | 709.54 DEH | B-769668 | 1 | 499.00 | English Books | |||
| Not For Loan | Non-fiction | D.B.Act.Division | D.B.Act.Division | 05/08/2025 | DBAD | 499.00 | 709.54 DEH | EN-129875 | 1 | 499.00 | English Books | ||
| Non-fiction | Janak Puri | Janak Puri | 20/06/2025 | Sunnvic/GST-IN9/19.3.25/9/15.3.25/26.3.25 | 499.00 | 709.54 DEH | B-769671 | 1 | 499.00 | English Books | |||
| Non-fiction | Narela | Narela | 20/06/2025 | Sunnvic/GST-IN9/19.3.25/9/15.3.25/26.3.25 | 499.00 | 709.54 DEH | B-769674 | 1 | 499.00 | English Books | |||
| Non-fiction | Patel Nagar | Patel Nagar | 20/06/2025 | Sunnvic/GST-IN9/19.3.25/9/15.3.25/26.3.25 | 499.00 | 709.54 DEH | B-769670 | 1 | 499.00 | English Books | |||
| Non-fiction | R.K.Puram-8 | R.K.Puram-8 | 20/06/2025 | Sunnvic/GST-IN9/19.3.25/9/15.3.25/26.3.25 | 499.00 | 709.54 DEH | B-769672 | 1 | 499.00 | English Books |
